Panic! At The Disco Discography - Statistics

General Stats
  • This quiz has been taken 43 times
  • The average score is 7 of 8
Answer Stats
Answer % Correct
Pretty. Odd.
97%
A Fever You Can't Sweat Out
95%
Pray For The Wicked
95%
Death Of A Bachelor
92%
Too Weird To Live, Too Rare To Die!
92%
Vices & Virtues
92%
Viva Las Vengeance
90%
C'mon
41%
No matching quizzes found
Score Distribution
Percent of People with Each Score
Percentile by Number Answered
Your Score History
You have not taken this quiz